| 000 | 00745nam a2200229 a 4500 | ||
|---|---|---|---|
| 001 | 7131 | ||
| 003 | BD-RjUL | ||
| 005 | 20211208234352.0 | ||
| 008 | 14 t1968 enk b 000 0 eng | ||
| 035 | _a(BD-RjUL)7173 | ||
| 040 |
_aDLC _cDLC _beng _dBD-RjUL |
||
| 041 | _aeng | ||
| 082 | 0 | 4 |
_216 _a351.1 _bSPE 1968 |
| 245 | 0 | 0 |
_aSpecialists and generalists : _ba comparative study of the professional civil servant at home and abroad / _cedited by F.F. Ridley. |
| 260 |
_aLondon : _bAllen & Unwin, _cc1968. |
||
| 300 |
_a213 p. ; _c23 cm. |
||
| 504 | _aIncludes bibliographical references. | ||
| 650 | 0 |
_aCivil service _xAddresses, essays, lectures. _922317 |
|
| 700 | 1 |
_aRidley, F. F. _q(Frederick F.) _917255 |
|
| 942 |
_2ddc _cBK |
||
| 999 |
_c7131 _d7131 |
||